| 000 | 04435nam0a22005891 4500 | ||
|---|---|---|---|
| 001 | RU\NLR\A1\8113 | ||
| 005 | 20260406110341.0 | ||
| 035 | _a(NLR Aleph) 009673256 | ||
| 090 |
_a9671489 _c9671489 |
||
| 100 | _a19980514d1793 a y0rusy50 ca | ||
| 101 | 0 | _arus | |
| 102 | _aRU | ||
| 135 | _acrcn 024anaba | ||
| 140 | _ay y kc yaa0000 | ||
| 200 | 1 |
_aКраткия правила российской грамматики, _eсобранныя из разных российских грамматик _eв пользу обучающагося юношества в гимназиях Императорскаго Московскаго университета |
|
| 205 |
_aИздание седьмое _bс умножением и прибавлением |
||
| 210 |
_aВ Москве _cпечатана в Вольной типографии при театре у Христофора Клаудия _d1793 |
||
| 215 |
_a112 с. _d12° |
||
| 314 | _aАвторство приписывалось А. А. Барсову | ||
| 316 |
_aЭкз. РНБ (18.78.6.9) в цельнокожаном коричневом пер. На нижней крышке пер. экслибрис рус. фонда ГПБ с шифром. На корешке 4 бинта, золотое тиснение, золотом вытиснено: "Прав росс грам" (позолота практически полностью утрачена), корешок сверху оборван. Обрез крапчатый крас. На форзаце ярлык с шифром РНБ, пометы, левая сторона форзаца оборвана, правая сторона форзаца утрачена. Нахзац утрачен. Тит. л. отходит от кн. блока. На тит. л., с.3, 112 круглый штамп ГПБ. Лист со с.11-12 оборван. На с.12, 15, 24 пометы содерж. характера. На с.112 техн. пометы (чернила). Имеются пятна на кн. блоке. Размер: 18,5x11,4x1,5 см _5NLR: 18.78.6.9 |
||
| 317 |
_aВ экз. РНБ (18.78.6.9) на тит. л. владельч. запись: "из книг Александра Неустроева" (чернила). На обороте тит. л. владельч. запись: "Из книг Павла Дьяконова" (чернила) _5NLR: 18.78.6.9 |
||
| 317 |
_aЭкз. ФБ РГПУ из собрания Ф. А. Витберга _5ФБ РГПУ |
||
| 321 | 1 | _aСК XVIII 3238 | |
| 325 | _aКопия доступна в Электрон. б-ке РНБ | ||
| 518 | 1 | _aКраткие правила российской грамматики | |
| 620 | _dМосква | ||
| 702 | 1 |
_4330 _7ca _8rus _aБарсов _bА. А. _f1730-1791 _gАнтон Алексеевич _9158975 _3RU\NLR\AUTH\770159016 |
|
| 702 | 1 |
_4610 _7ca _8rus _aКлаудий _bХ.А. _f-1805 _gХристофор Александрович _9232381 _3RU\NLR\AUTH\770232437 |
|
| 702 | 1 |
_4390 _8rus _7ca _aНеустроев _bА. Н. _f1825-1902 _gАлександр Николаевич _3RU\NLR\AUTH\77108756 _991681 |
|
| 702 | 1 |
_aДьяконов _bП. _gПавел _5NLR: 18.78.6.9 _4390 |
|
| 702 | 1 |
_4390 _8rus _7ca _aВитберг _bФ. А. _f1846-1919 _gФедор Александрович _3RU\NLR\AUTH\7789451 _972379 |
|
| 712 | 0 | 0 |
_4610 _aКлаудий, _cМосква _gХ. А., _hтипография при Театре _9515361 _3RU\NLR\AUTH\880425419 |
| 801 | 0 |
_aRU _bNLR _c19980514 |
|
| 852 |
_aNLR _j18.78.6.9 |
||
| 856 | 0 | _uhttps://vivaldi.nlr.ru/bx700003271/view | |
| 856 | 1 | _uhttps://vivaldi.nlr.ru/bx700003271/cover | |
| 856 | 2 | _uhttps://vivaldi.nlr.ru/bx700003271/text | |
| 899 | _aБАН | ||
| 899 | _aГПИБ | ||
| 899 | _aКирОУНБ | ||
| 899 | _aФБ РГПУ | ||
| 942 | _cBOOK | ||
| 980 | _aNB | ||
| 980 | _aA1XVIIIv | ||
| 980 | 3 | _akp2023 | |
| 980 | 3 | _akp | |
| 981 | 2 | 2 |
_a(22) Материалы по истории России _b(22) Культура. Наука. Просвещение. |
| 981 | 2 | 0 |
_a(20) Книжные памятники РНБ _b(20) Русский книжный фонд |